Sports Quiz

Random Sports or Letter Quiz

'B' Athletes by Picture Quiz Stats

 Plays Quiz not verified by Sporcle

Score 0/16 Timer 10:00
0 Plays Today
% Correct
Kobe Bryant
94.6%
David Beckham
93%
Usain Bolt
87.6%
Larry Bird
85.4%
Tom Brady
82.7%
Björn Borg
76.2%
Barry Bonds
68.6%
Boris Becker
56.2%
% Correct
Mario Balotelli
49.2%
Gareth Bale
33.5%
George Best
28.1%
Sergei Bubka
25.9%
Bonnie Blair
24.9%
Yohan Blake
23.8%
Rubens Barrichello
22.2%
Jenson Button
10.8%

You're not logged in!

Compare scores with friends on all Sporcle quizzes.
OR
Log In

You Might Also Like...

Show Comments

Extras

Top Quizzes Today


Score Distribution

Your Account Isn't Verified!

In order to create a playlist on Sporcle, you need to verify the email address you used during registration. Go to your Sporcle Settings to finish the process.

Report this User

Report this user for behavior that violates our Community Guidelines.

Details: